[Event "Titled Tuesday intern op 28th Dec"]
[Site "Chess.com INT"]
[Date "2021.12.28"]
[Round "4"]
[White "Kim, Sergey2"]
[Black "Kollars, Dmitrij"]
[Result "0-1"]
[WhiteElo "2295"]
[BlackElo "2622"]
[PlyCount "60"]
[EventDate "2021.12.28"]
[EventType "swiss (blitz)"]
[EventRounds "11"]
[EventCountry "USA"]
[SourceTitle "CBM 206 Extra"]
[Source "ChessBase"]
[SourceDate "2022.03.31"]
[SourceVersion "1"]
[SourceVersionDate "2022.03.31"]
[SourceQuality "1"]

1. d4 Nf6 2. c4 e6 3. Nc3 Bb4 4. Qc2 b6 5. a3 Bxc3+ 6. Qxc3 Bb7 7. Nf3 O-O 8. g3 c5 9. dxc5 bxc5 10. Bg2 d6 11. O-O a5 12. b3 Qe7 13. Bb2 Nc6 14. Rfd1 Rfd8 15. e3 Rab8 16. Nd2 Ne5 17. e4 Nc6 18. f4 e5 19. Re1 Ba8 20. Nf3 Nd4 21. Nxd4 cxd4 22. Qd3 Nd7 23. b4 axb4 24. axb4 Rxb4 25. Ba3 Nc5 26. Qf1 Rb3 27. fxe5 dxe5 28. Reb1 Qc7 29. Rxb3 Nxb3 30. Qd3 Nxa1 0-1

[Event "Titled Tuesday intern op 28th Dec"]
[Site "Chess.com INT"]
[Date "2021.12.28"]
[Round "4"]
[White "Kiseleva, Arina"]
[Black "Vifleemskaia, Svetlana"]
[Result "0-1"]
[WhiteElo "1962"]
[BlackElo "1926"]
[PlyCount "84"]
[EventDate "2021.12.28"]
[EventType "swiss (blitz)"]
[EventRounds "11"]
[EventCountry "USA"]
[SourceTitle "CBM 206 Extra"]
[Source "ChessBase"]
[SourceDate "2022.03.31"]
[SourceVersion "1"]
[SourceVersionDate "2022.03.31"]
[SourceQuality "1"]

1. d4 Nf6 2. Nf3 d5 3. e3 c5 4. Bd3 Nc6 5. b3 Bg4 6. Bb2 e6 7. h3 Bh5 8. O-O Rc8 9. a3 Bd6 10. dxc5 Bxc5 11. Nbd2 O-O 12. c4 d4 13. exd4 Bxd4 14. Bxd4 Nxd4 15. Be2 Nxe2+ 16. Qxe2 Qc7 17. Rac1 Rfd8 18. Rfd1 h6 19. g4 Bg6 20. Ne5 Bh7 21. Qe3 b6 22. Ndf3 Ne4 23. g5 hxg5 24. Rxd8+ Rxd8 25. c5 f6 26. cxb6 Qxb6 27. Qxb6 axb6 28. Nc6 Rd3 29. Ncd4 e5 30. Rc8+ Kf7 31. Rc7+ Kg6 32. Ne6 Rxf3 33. Rxg7+ Kh6 34. Rb7 Rxb3 35. Nf8 Bf5 36. h4 gxh4 37. a4 Ng5 38. a5 Be4 39. Rxb6 Rxb6 40. axb6 h3 41. Nd7 Nf3+ 42. Kh1 Kg5 0-1

[Event "Titled Tuesday intern op 28th Dec"]
[Site "Chess.com INT"]
[Date "2021.12.28"]
[Round "4"]
[White "Kislinsky, Alexey"]
[Black "Elgersma, Onno"]
[Result "1-0"]
[WhiteElo "2351"]
[BlackElo "2282"]
[PlyCount "101"]
[EventDate "2021.12.28"]
[EventType "swiss (blitz)"]
[EventRounds "11"]
[EventCountry "USA"]
[SourceTitle "CBM 206 Extra"]
[Source "ChessBase"]
[SourceDate "2022.03.31"]
[SourceVersion "1"]
[SourceVersionDate "2022.03.31"]
[SourceQuality "1"]

1. e4 Nc6 2. Nc3 d6 3. d4 Nf6 4. h3 g6 5. Nf3 Bg7 6. Bg5 h6 7. Be3 O-O 8. Qd2 Kh7 9. O-O-O Nd7 10. g4 e5 11. d5 Ne7 12. Bd3 c6 13. dxc6 bxc6 14. Bc4 Nb6 15. Bb3 d5 16. exd5 cxd5 17. Bxb6 axb6 18. Nxd5 Bb7 19. Nxe7 Qxe7 20. Qe3 e4 21. Nd4 Rfd8 22. c3 Bf6 23. Kb1 Bg5 24. Qe2 e3 25. f3 Bf6 26. h4 Bxd4 27. cxd4 Qf6 28. d5 Ba6 29. Qxe3 Re8 30. Qd4 Qd6 31. h5 g5 32. Rhe1 Rxe1 33. Rxe1 Rd8 34. Bc2+ Kg8 35. Qe4 Qf6 36. Qe5 Qxe5 37. Rxe5 Bb7 38. Bb3 Kg7 39. Kc2 Rd6 40. Kc3 Kf6 41. Kd4 Rd8 42. Bc4 Rd6 43. a4 Rd8 44. b4 Ra8 45. Bb3 Rd8 46. a5 bxa5 47. bxa5 Ra8 48. d6 Ra6 49. Rf5+ Kg7 50. Rxf7+ Kh8 51. Rxb7 1-0

[Event "Titled Tuesday intern op 28th Dec"]
[Site "Chess.com INT"]
[Date "2021.12.28"]
[Round "4"]
[White "Kleiman, Jake"]
[Black "Hollan, Petr"]
[Result "1-0"]
[WhiteElo "2399"]
[BlackElo "2285"]
[PlyCount "119"]
[EventDate "2021.12.28"]
[EventType "swiss (blitz)"]
[EventRounds "11"]
[EventCountry "USA"]
[SourceTitle "CBM 206 Extra"]
[Source "ChessBase"]
[SourceDate "2022.03.31"]
[SourceVersion "1"]
[SourceVersionDate "2022.03.31"]
[SourceQuality "1"]

1. e4 c5 2. c3 Nf6 3. e5 Nd5 4. Bc4 Nb6 5. Bb3 c4 6. Bc2 d5 7. exd6 exd6 8. Nf3 Be7 9. O-O O-O 10. d4 cxd3 11. Qxd3 g6 12. Bh6 Re8 13. Bb3 Nc6 14. Nbd2 Bf5 15. Qe3 Bf8 16. Qf4 Ne5 17. Bxf8 Rxf8 18. Nd4 Bd7 19. Ne4 Qe7 20. Rfe1 Kg7 21. Nxd6 Qxd6 22. Qxe5+ Qxe5 23. Rxe5 Rfe8 24. Rae1 Rxe5 25. Rxe5 Re8 26. Rxe8 Bxe8 27. f4 Bd7 28. Kf2 Kf8 29. Ke3 Ke7 30. g3 Nc8 31. Bd5 Nd6 32. c4 b6 33. b4 Be6 34. Bxe6 fxe6 35. Kd3 Kd7 36. c5 bxc5 37. bxc5 Nf7 38. Nf3 Nd8 39. Kc4 Kc6 40. Ng5 h5 41. Nf3 Nb7 42. Ne5+ Kc7 43. Nxg6 Na5+ 44. Kb5 Nc6 45. Ne5 Nd4+ 46. Kc4 Nf5 47. Nf3 Ne3+ 48. Kd4 Ng4 49. h3 Nf2 50. Ke3 Nxh3 51. Nd4 Kd7 52. Kf3 Ng1+ 53. Kf2 e5 54. fxe5 Nh3+ 55. Kf3 Ng5+ 56. Kf4 Nh3+ 57. Kf5 Nf2 58. e6+ Ke7 59. c6 Kd6 60. Kf6 1-0

[Event "Titled Tuesday intern op 28th Dec"]
[Site "Chess.com INT"]
[Date "2021.12.28"]
[Round "4"]
[White "Logozar, Elijah"]
[Black "Buscar, Michael"]
[Result "1-0"]
[WhiteElo "1884"]
[BlackElo "2088"]
[PlyCount "91"]
[EventDate "2021.12.28"]
[EventType "swiss (blitz)"]
[EventRounds "11"]
[EventCountry "USA"]
[SourceTitle "CBM 206 Extra"]
[Source "ChessBase"]
[SourceDate "2022.03.31"]
[SourceVersion "1"]
[SourceVersionDate "2022.03.31"]
[SourceQuality "1"]

1. e4 c5 2. Nf3 Nc6 3. d4 cxd4 4. Nxd4 Nf6 5. Nc3 e5 6. Ndb5 h6 7. Nd5 Nxd5 8. exd5 a6 9. Nc3 Nb8 10. d6 Qb6 11. Be3 Qxd6 12. Nd5 Nc6 13. Bb6 Be7 14. Nc7+ Kf8 15. Qxd6 Bxd6 16. Nxa8 Nb4 17. Bd3 Be7 18. a3 Nc6 19. Nc7 d6 20. Nd5 Bg5 21. h4 Be7 22. O-O-O Be6 23. Nxe7 Kxe7 24. Be4 Rc8 25. Kb1 f5 26. Bxc6 bxc6 27. Be3 f4 28. Bc1 d5 29. g3 f3 30. Rhe1 e4 31. c4 Kf6 32. cxd5 Bxd5 33. Be3 Rb8 34. Rc1 Rb5 35. Red1 Ke6 36. Bd4 g6 37. Rc5 Rb3 38. Rdc1 Rd3 39. Be3 Rb3 40. Rxc6+ Bxc6 41. Rxc6+ Kf5 42. Kc2 Rd3 43. Rxa6 Kg4 44. Rxg6+ Kh3 45. Rxh6 Kg2 46. Re6 1-0

[Event "Titled Tuesday intern op 28th Dec"]
[Site "Chess.com INT"]
[Date "2021.12.28"]
[Round "4"]
[White "Maksimovic, Bojan"]
[Black "Dolzhikova, Kateryna"]
[Result "1-0"]
[WhiteElo "2451"]
[BlackElo "2161"]
[PlyCount "137"]
[EventDate "2021.12.28"]
[EventType "swiss (blitz)"]
[EventRounds "11"]
[EventCountry "USA"]
[SourceTitle "CBM 206 Extra"]
[Source "ChessBase"]
[SourceDate "2022.03.31"]
[SourceVersion "1"]
[SourceVersionDate "2022.03.31"]
[SourceQuality "1"]

1. d4 Nf6 2. c4 e6 3. Nf3 d5 4. g3 Be7 5. Bg2 O-O 6. Qc2 a6 7. cxd5 exd5 8. O-O c6 9. Nc3 Re8 10. Ne5 Nbd7 11. Bf4 Nf8 12. Rad1 Ng6 13. Bc1 Ng4 14. f4 Nh6 15. f5 Nxe5 16. dxe5 Bc5+ 17. Kh1 Ng4 18. Ne4 Be3 19. e6 fxe6 20. f6 gxf6 21. Nxf6+ Nxf6 22. Bxe3 e5 23. Bg5 Rf8 24. e4 d4 25. Qf2 Kg7 26. Rd3 Bg4 27. h3 Bh5 28. g4 Bg6 29. Qh4 Qd6 30. Bh6+ Kg8 31. Bxf8 Rxf8 32. Rdf3 Nd7 33. Rxf8+ Nxf8 34. Qh6 d3 35. h4 d2 36. Rd1 Qd3 37. Qxd2 Qxd2 38. Rxd2 Ne6 39. g5 Bf7 40. Bh3 Nf4 41. Bf5 Kg7 42. Rd7 Kf8 43. Rxb7 h6 44. gxh6 Bg8 45. h7 Bxh7 46. Rxh7 Nd3 47. Ra7 Nc5 48. h5 Kg8 49. h6 Nd3 50. h7+ Kh8 51. Ra8+ Kg7 52. h8=Q+ Kf7 53. Rg8 Ke7 54. Qg7+ Kd6 55. Rd8+ Kc5 56. Qe7+ Kc4 57. Rb8 Nf2+ 58. Kg2 c5 59. Be6+ Kd3 60. Qd6+ Ke3 61. Rb3+ Ke2 62. Qd5 Nd1 63. Qc4+ Ke1 64. Rf3 a5 65. Qf1+ Kd2 66. Rd3+ Kc2 67. Qxd1+ Kxb2 68. Rb3+ Kxa2 69. Qb1# 1-0

[Event "Titled Tuesday intern op 28th Dec"]
[Site "Chess.com INT"]
[Date "2021.12.28"]
[Round "4"]
[White "Maly, Alexey"]
[Black "Hjartarson, Johann"]
[Result "1-0"]
[WhiteElo "2368"]
[BlackElo "2470"]
[PlyCount "95"]
[EventDate "2021.12.28"]
[EventType "swiss (blitz)"]
[EventRounds "11"]
[EventCountry "USA"]
[SourceTitle "CBM 206 Extra"]
[Source "ChessBase"]
[SourceDate "2022.03.31"]
[SourceVersion "1"]
[SourceVersionDate "2022.03.31"]
[SourceQuality "1"]

1. d4 Nf6 2. c4 e6 3. Nf3 Bb4+ 4. Nbd2 b6 5. g3 c5 6. Bg2 Bb7 7. O-O cxd4 8. Nxd4 Bxg2 9. Kxg2 a6 10. a3 Be7 11. b3 Qc7 12. Bb2 d6 13. Rc1 Nbd7 14. e3 O-O 15. Qe2 Rab8 16. Rfd1 Qb7+ 17. Qf3 Rfc8 18. Qxb7 Rxb7 19. a4 Rbc7 20. Kf1 Nc5 21. Ke2 d5 22. cxd5 Nxd5 23. Nc4 Nxb3 24. Nxb3 Rxc4 25. Rxc4 Rxc4 26. Rc1 Rxa4 27. Rc8+ Bf8 28. Be5 Ne7 29. Re8 f6 30. Bd6 Kf7 31. Rb8 b5 32. Rb7 e5 33. Nc5 Ra2+ 34. Kf3 Rd2 35. Ne4 Rd5 36. Ba3 a5 37. Nc3 Rd3 38. Nxb5 f5 39. Ra7 e4+ 40. Ke2 Rd5 41. Rxa5 Nc6 42. Ra8 Bxa3 43. Nxa3 Rc5 44. f3 exf3+ 45. Kxf3 Ne5+ 46. Ke2 Rc3 47. Ra7+ Kf6 48. Ra6+ 1-0

[Event "Titled Tuesday intern op 28th Dec"]
[Site "Chess.com INT"]
[Date "2021.12.28"]
[Round "4"]
[White "Mammadov, Zaur Fazahir Oglu"]
[Black "Novikov, Evgenij"]
[Result "1/2-1/2"]
[WhiteElo "2417"]
[BlackElo "2276"]
[PlyCount "78"]
[EventDate "2021.12.28"]
[EventType "swiss (blitz)"]
[EventRounds "11"]
[EventCountry "USA"]
[SourceTitle "CBM 206 Extra"]
[Source "ChessBase"]
[SourceDate "2022.03.31"]
[SourceVersion "1"]
[SourceVersionDate "2022.03.31"]
[SourceQuality "1"]

1. e4 c5 2. c3 d5 3. exd5 Qxd5 4. d4 Nc6 5. Nf3 Bg4 6. Be2 cxd4 7. cxd4 e5 8. Nc3 Bb4 9. O-O Bxc3 10. bxc3 e4 11. Nd2 Bf5 12. Ba3 Nge7 13. Rb1 Qd7 14. Nc4 O-O 15. Nd6 Rfb8 16. Nxf5 Qxf5 17. Bg4 Qa5 18. Qb3 b6 19. f3 h5 20. Bh3 e3 21. Rfe1 Nd5 22. Bb2 Re8 23. Bd7 Nxd4 24. cxd4 Nf4 25. Bxe8 Rxe8 26. Qc2 Qg5 27. Kh1 h4 28. h3 e2 29. Rg1 Nh5 30. Qc7 Ng3+ 31. Kh2 Qf6 32. d5 Qg5 33. d6 Qf4 34. Rge1 Nf1+ 35. Kg1 Qh2+ 36. Kf2 Qg3+ 37. Kg1 Qh2+ 38. Kf2 Qg3+ 39. Kg1 Qh2+ 1/2-1/2

[Event "Titled Tuesday intern op 28th Dec"]
[Site "Chess.com INT"]
[Date "2021.12.28"]
[Round "4"]
[White "Matinian, Nikita"]
[Black "Holt, Conrad"]
[Result "1-0"]
[WhiteElo "2454"]
[BlackElo "2553"]
[PlyCount "127"]
[EventDate "2021.12.28"]
[EventType "swiss (blitz)"]
[EventRounds "11"]
[EventCountry "USA"]
[SourceTitle "CBM 206 Extra"]
[Source "ChessBase"]
[SourceDate "2022.03.31"]
[SourceVersion "1"]
[SourceVersionDate "2022.03.31"]
[SourceQuality "1"]

1. e4 e6 2. d4 d5 3. Nc3 Nf6 4. Bg5 dxe4 5. Nxe4 Be7 6. Bxf6 Bxf6 7. Nf3 Nd7 8. Bd3 c5 9. Qe2 Qa5+ 10. c3 cxd4 11. Nxf6+ Nxf6 12. Nxd4 O-O 13. O-O e5 14. Nb3 Qc7 15. h3 Re8 16. Rad1 Be6 17. Rfe1 Bd5 18. Bb5 Re7 19. c4 Be4 20. Nd2 Bc2 21. Rc1 Bf5 22. c5 Rd8 23. Nc4 a6 24. Nd6 Bxh3 25. Bxa6 Bxg2 26. Kxg2 Qc6+ 27. Qf3 Qxa6 28. b4 Qxa2 29. Nf5 Re6 30. Qxb7 Nd5 31. Rcd1 Nf4+ 32. Kh1 Rf8 33. Rg1 Qxf2 34. Rxg7+ Kh8 35. Rxf7 Rh6+ 36. Nxh6 Qh4+ 37. Kg1 Qg3+ 38. Kf1 Qh3+ 39. Ke1 Qe3+ 40. Kf1 Qe2+ 41. Kg1 Qxd1+ 42. Kf2 Qe2+ 43. Kg3 Qe1+ 44. Kg4 Qg1+ 45. Kf5 Qg6+ 46. Kxe5 Nd3+ 47. Kd4 Rd8+ 48. Kc3 Qxh6 49. Rd7 Qf6+ 50. Kxd3 Qf5+ 51. Kc4 Qxd7 52. Qxd7 Rxd7 53. c6 Rd1 54. b5 Kg7 55. Kc5 Kf7 56. b6 Ke7 57. b7 Rc1+ 58. Kb6 Rb1+ 59. Kc7 h5 60. b8=Q Rxb8 61. Kxb8 h4 62. c7 h3 63. c8=Q h2 64. Qh3 1-0

[Event "Titled Tuesday intern op 28th Dec"]
[Site "Chess.com INT"]
[Date "2021.12.28"]
[Round "4"]
[White "Mayaud, Raphael"]
[Black "Grot, Blazej"]
[Result "1-0"]
[WhiteElo "2216"]
[BlackElo "1822"]
[PlyCount "55"]
[EventDate "2021.12.28"]
[EventType "swiss (blitz)"]
[EventRounds "11"]
[EventCountry "USA"]
[SourceTitle "CBM 206 Extra"]
[Source "ChessBase"]
[SourceDate "2022.03.31"]
[SourceVersion "1"]
[SourceVersionDate "2022.03.31"]
[SourceQuality "1"]

1. d4 Nf6 2. Bg5 e6 3. e4 Be7 4. e5 Nd5 5. Bxe7 Qxe7 6. c4 Nb6 7. Nc3 d6 8. Nf3 N8d7 9. Bd3 c5 10. exd6 Qxd6 11. Nb5 Qe7 12. Nc7+ Kf8 13. Nxa8 cxd4 14. Nxb6 Nxb6 15. Nxd4 g6 16. O-O Kg7 17. Qc2 Rd8 18. Nf3 Bd7 19. Ne5 Be8 20. Rfd1 Qc5 21. Ng4 h5 22. Qc3+ Kg8 23. Nf6+ Kf8 24. Nxe8 Rxe8 25. Be2 e5 26. b4 Qc8 27. c5 Nd7 28. Bb5 1-0

[Event "Titled Tuesday intern op 28th Dec"]
[Site "Chess.com INT"]
[Date "2021.12.28"]
[Round "4"]
[White "Melian, Juan Sebastian"]
[Black "Korchmar, Vasiliy"]
[Result "0-1"]
[WhiteElo "2075"]
[BlackElo "2450"]
[PlyCount "42"]
[EventDate "2021.12.28"]
[EventType "swiss (blitz)"]
[EventRounds "11"]
[EventCountry "USA"]
[SourceTitle "CBM 206 Extra"]
[Source "ChessBase"]
[SourceDate "2022.03.31"]
[SourceVersion "1"]
[SourceVersionDate "2022.03.31"]
[SourceQuality "1"]

1. Nf3 d5 2. d4 Nf6 3. e3 Bg4 4. Be2 e6 5. O-O Nbd7 6. b3 Bd6 7. Bb2 O-O 8. Ne5 Bxe2 9. Qxe2 c5 10. Nxd7 Nxd7 11. c4 cxd4 12. cxd5 e5 13. exd4 exd4 14. Bxd4 Qh4 15. f4 Bxf4 16. h3 Qg3 17. Qg4 Qh2+ 18. Kf2 Ne5 19. Qh4 Rfe8 20. Nc3 g5 21. Qh5 Nd3+ 0-1

[Event "Titled Tuesday intern op 28th Dec"]
[Site "Chess.com INT"]
[Date "2021.12.28"]
[Round "4"]
[White "Mickiewicz, Piotr"]
[Black "Karavaeva, Olga"]
[Result "0-1"]
[WhiteElo "2294"]
[BlackElo "2260"]
[PlyCount "90"]
[EventDate "2021.12.28"]
[EventType "swiss (blitz)"]
[EventRounds "11"]
[EventCountry "USA"]
[SourceTitle "CBM 206 Extra"]
[Source "ChessBase"]
[SourceDate "2022.03.31"]
[SourceVersion "1"]
[SourceVersionDate "2022.03.31"]
[SourceQuality "1"]

1. e4 c5 2. Nf3 e6 3. d4 cxd4 4. Nxd4 Nf6 5. Nc3 Nc6 6. Ndb5 d6 7. Bf4 e5 8. Bg5 a6 9. Na3 b5 10. Nd5 Be7 11. Bxf6 Bxf6 12. c4 b4 13. Nc2 a5 14. g3 Bg5 15. Bg2 O-O 16. O-O Bb7 17. Qd3 g6 18. f4 exf4 19. gxf4 Bh6 20. Rae1 Bg7 21. b3 f5 22. exf5 Rxf5 23. Bh3 Rf8 24. Be6+ Kh8 25. Kh1 Ne7 26. Nce3 a4 27. Kg1 axb3 28. axb3 Ra2 29. Nxb4 Rb2 30. Nbd5 Nc6 31. Ng2 Nd4 32. Kh1 Rxb3 33. Qd1 Qa5 34. Re3 Rb2 35. f5 Qa2 36. f6 Bh6 37. Rg3 Nxe6 38. Qg4 Ng5 39. h4 Nf7 40. h5 Ne5 41. Qe6 Rb3 42. hxg6 hxg6 43. f7 Rxg3 44. Qf6+ Kh7 45. Ne7 Qxg2# 0-1

[Event "Titled Tuesday intern op 28th Dec"]
[Site "Chess.com INT"]
[Date "2021.12.28"]
[Round "4"]
[White "Migot, Tangi"]
[Black "Djokic, Mihailo"]
[Result "1-0"]
[WhiteElo "2353"]
[BlackElo "2254"]
[PlyCount "35"]
[EventDate "2021.12.28"]
[EventType "swiss (blitz)"]
[EventRounds "11"]
[EventCountry "USA"]
[SourceTitle "CBM 206 Extra"]
[Source "ChessBase"]
[SourceDate "2022.03.31"]
[SourceVersion "1"]
[SourceVersionDate "2022.03.31"]
[SourceQuality "1"]

1. e4 c5 2. Nc3 Nc6 3. Nf3 g6 4. h4 h5 5. Bc4 Bg7 6. d3 e6 7. Bg5 f6 8. Be3 d6 9. d4 cxd4 10. Nxd4 Nxd4 11. Qxd4 a6 12. O-O-O b5 13. Bb3 Ke7 14. f4 Nh6 15. e5 fxe5 16. fxe5 Bxe5 17. Bg5+ Ke8 18. Qxe5 1-0

[Event "Titled Tuesday intern op 28th Dec"]
[Site "Chess.com INT"]
[Date "2021.12.28"]
[Round "4"]
[White "Milanovic, Marko"]
[Black "Chernomordik, Pavel"]
[Result "1-0"]
[WhiteElo "2309"]
[BlackElo "2182"]
[PlyCount "123"]
[EventDate "2021.12.28"]
[EventType "swiss (blitz)"]
[EventRounds "11"]
[EventCountry "USA"]
[SourceTitle "CBM 206 Extra"]
[Source "ChessBase"]
[SourceDate "2022.03.31"]
[SourceVersion "1"]
[SourceVersionDate "2022.03.31"]
[SourceQuality "1"]

1. e4 g6 2. d4 Bg7 3. Nf3 d6 4. Bc4 e6 5. O-O b6 6. Qe2 Bb7 7. Re1 Nd7 8. Nbd2 Ne7 9. c3 a6 10. Nf1 O-O 11. Ng3 c5 12. Bf4 e5 13. dxe5 Nxe5 14. Nxe5 dxe5 15. Be3 Kh8 16. Rad1 Qc7 17. a4 f5 18. exf5 gxf5 19. Nh5 Ng6 20. Nxg7 Qxg7 21. f3 f4 22. Bf2 e4 23. fxe4 f3 24. Qd2 Ne5 25. Bf1 fxg2 26. Be2 Bxe4 27. Qe3 Qg6 28. Bg3 Nf3+ 29. Bxf3 Rxf3 30. Qxe4 Rf1+ 31. Kxg2 Qxe4+ 32. Rxe4 Rxd1 33. Kh3 Rd2 34. c4 Kg7 35. Re6 Rc2 36. Be5+ Kf7 37. Rf6+ Ke7 38. Rxb6 Rxc4 39. a5 Rb4 40. Rc6 Rb5 41. Bc3 Ra7 42. Rh6 Kd8 43. Rd6+ Kc8 44. Rf6 c4 45. Rf8+ Kb7 46. Rf7+ Ka8 47. Rf4 Rc7 48. Rf8+ Kb7 49. Rf6 Rd5 50. Kg4 h5+ 51. Kh4 Re7 52. Rb6+ Kc7 53. Kh3 Re4 54. Rf6 Rd3+ 55. Kg2 Re2+ 56. Kf1 Rxh2 57. Be5+ Kd7 58. Bxh2 Rd2 59. Be5 Rd5 60. Bc3 h4 61. Rxa6 h3 62. Rh6 1-0

[Event "Titled Tuesday intern op 28th Dec"]
[Site "Chess.com INT"]
[Date "2021.12.28"]
[Round "4"]
[White "Mirza, Diana"]
[Black "Lakshmi, Chidambaram"]
[Result "0-1"]
[WhiteElo "1898"]
[BlackElo "2058"]
[PlyCount "70"]
[EventDate "2021.12.28"]
[EventType "swiss (blitz)"]
[EventRounds "11"]
[EventCountry "USA"]
[SourceTitle "CBM 206 Extra"]
[Source "ChessBase"]
[SourceDate "2022.03.31"]
[SourceVersion "1"]
[SourceVersionDate "2022.03.31"]
[SourceQuality "1"]

1. d4 Nf6 2. Nf3 g6 3. c4 Bg7 4. Nc3 O-O 5. e4 d6 6. h3 Nc6 7. d5 Nb8 8. Bg5 e5 9. Qd2 Nbd7 10. b4 a5 11. bxa5 Rxa5 12. Bd3 Nc5 13. O-O b6 14. Rfb1 Qd7 15. Ne1 Ne8 16. Nc2 f6 17. Be3 Nb7 18. Nb4 f5 19. Bh6 f4 20. Bxg7 Qxg7 21. f3 g5 22. Nc6 Ra8 23. Nb5 h5 24. Be2 Nf6 25. Qb2 Nc5 26. Nxd6 cxd6 27. Qxb6 g4 28. hxg4 hxg4 29. Nxe5 Ra6 30. Qb8 dxe5 31. Qxe5 gxf3 32. Bxf3 Bg4 33. Qc3 Bxf3 34. Qxf3 Nfxe4 35. Rb5 Ng5 0-1

[Event "Titled Tuesday intern op 28th Dec"]
[Site "Chess.com INT"]
[Date "2021.12.28"]
[Round "4"]
[White "Nechaeva, Marina"]
[Black "Deac, Bogdan Daniel"]
[Result "1/2-1/2"]
[WhiteElo "2384"]
[BlackElo "2679"]
[PlyCount "54"]
[EventDate "2021.12.28"]
[EventType "swiss (blitz)"]
[EventRounds "11"]
[EventCountry "USA"]
[SourceTitle "CBM 206 Extra"]
[Source "ChessBase"]
[SourceDate "2022.03.31"]
[SourceVersion "1"]
[SourceVersionDate "2022.03.31"]
[SourceQuality "1"]

1. d4 Nf6 2. c4 e6 3. Nf3 d5 4. g3 Be7 5. Bg2 O-O 6. O-O dxc4 7. Qc2 b5 8. a4 b4 9. Nfd2 Nd5 10. Nxc4 c5 11. dxc5 Ba6 12. Ne3 Nd7 13. Nxd5 exd5 14. c6 Rc8 15. Bf4 Nc5 16. Rd1 d4 17. c7 Qd7 18. Be5 d3 19. exd3 Bxd3 20. Qc1 Bd6 21. Bxg7 Kxg7 22. Rxd3 Nxd3 23. Qg5+ Kh8 24. Qf6+ Kg8 25. Qg5+ Kh8 26. Qf6+ Kg8 27. Qg5+ Kh8 1/2-1/2

[Event "Titled Tuesday intern op 28th Dec"]
[Site "Chess.com INT"]
[Date "2021.12.28"]
[Round "4"]
[White "Nesterov, Arseniy"]
[Black "Ingebretsen, Jens E"]
[Result "1/2-1/2"]
[WhiteElo "2523"]
[BlackElo "2309"]
[PlyCount "126"]
[EventDate "2021.12.28"]
[EventType "swiss (blitz)"]
[EventRounds "11"]
[EventCountry "USA"]
[SourceTitle "CBM 206 Extra"]
[Source "ChessBase"]
[SourceDate "2022.03.31"]
[SourceVersion "1"]
[SourceVersionDate "2022.03.31"]
[SourceQuality "1"]

1. d4 Nf6 2. c4 e6 3. Nc3 d5 4. Nf3 Be7 5. Bg5 O-O 6. e3 c5 7. cxd5 Nxd5 8. Bxe7 Qxe7 9. Nxd5 exd5 10. dxc5 Qxc5 11. Qd2 Nc6 12. Rc1 Qb6 13. Be2 Bg4 14. O-O Rad8 15. Rfd1 d4 16. Nxd4 Bxe2 17. Qxe2 Nxd4 18. exd4 Rxd4 19. Rxd4 Qxd4 20. g3 Qb6 21. b3 g6 22. Qe7 Qe6 23. Qxb7 a6 24. Qc6 Re8 25. h4 h5 26. b4 Qxc6 27. Rxc6 Rb8 28. a3 a5 29. bxa5 Rb3 30. a6 Rxa3 31. Kf1 Kf8 32. Ke2 Ra2+ 33. Ke3 Ke7 34. Rc7+ Ke6 35. a7 Ra4 36. Kd3 f6 37. Rg7 Kf5 38. Kc3 g5 39. Kb3 Ra1 40. Kb4 Kg4 41. Kb5 Kf3 42. Kb6 g4 43. Rg8 Kxf2 44. a8=Q Rxa8 45. Rxa8 Kxg3 46. Kc5 Kh2 47. Kd5 g3 48. Ke4 g2 49. Ra2 Kh1 50. Ra1+ g1=Q 51. Rxg1+ Kxg1 52. Kf5 Kf2 53. Kxf6 Kf3 54. Kg5 Ke4 55. Kxh5 Ke5 56. Kh6 Kf6 57. h5 Kf7 58. Kh7 Kf8 59. Kh8 Kf7 60. Kh7 Kf8 61. h6 Kf7 62. Kh8 Kf8 63. h7 Kf7 1/2-1/2

[Event "Titled Tuesday intern op 28th Dec"]
[Site "Chess.com INT"]
[Date "2021.12.28"]
[Round "4"]
[White "Nikologorskiy, Konstantin"]
[Black "Ismayil, Malak"]
[Result "1-0"]
[WhiteElo "2413"]
[BlackElo "2058"]
[PlyCount "47"]
[EventDate "2021.12.28"]
[EventType "swiss (blitz)"]
[EventRounds "11"]
[EventCountry "USA"]
[SourceTitle "CBM 206 Extra"]
[Source "ChessBase"]
[SourceDate "2022.03.31"]
[SourceVersion "1"]
[SourceVersionDate "2022.03.31"]
[SourceQuality "1"]

1. d4 Nf6 2. c4 e6 3. Nf3 Bb4+ 4. Bd2 Qe7 5. g3 O-O 6. Bg2 Nc6 7. O-O Bxd2 8. Qxd2 d6 9. Nc3 e5 10. Rfd1 exd4 11. Nxd4 Nxd4 12. Qxd4 Re8 13. e3 a6 14. b4 Rb8 15. Rac1 Be6 16. a3 Red8 17. Rd2 c5 18. Qh4 cxb4 19. axb4 Rbc8 20. Na4 b5 21. Nb6 Rc6 22. Bxc6 Qc7 23. Nd5 Qxc6 24. Ne7+ 1-0

[Event "Titled Tuesday intern op 28th Dec"]
[Site "Chess.com INT"]
[Date "2021.12.28"]
[Round "4"]
[White "Nilsen, Tobias Lang"]
[Black "Marcziter, Dmitrii"]
[Result "1/2-1/2"]
[WhiteElo "2279"]
[BlackElo "2264"]
[PlyCount "217"]
[EventDate "2021.12.28"]
[EventType "swiss (blitz)"]
[EventRounds "11"]
[EventCountry "USA"]
[SourceTitle "CBM 206 Extra"]
[Source "ChessBase"]
[SourceDate "2022.03.31"]
[SourceVersion "1"]
[SourceVersionDate "2022.03.31"]
[SourceQuality "1"]

1. e4 c5 2. Nf3 a6 3. c3 d5 4. exd5 Qxd5 5. d4 Nf6 6. Be2 Bg4 7. O-O e6 8. Na3 cxd4 9. Nc4 Qd8 10. cxd4 Be7 11. Qb3 O-O 12. Qxb7 Nbd7 13. Nce5 Nxe5 14. dxe5 Nd5 15. Qb3 Rb8 16. Qd3 Qc7 17. h3 Nb4 18. Qc3 Qxc3 19. bxc3 Nc2 20. hxg4 Nxa1 21. Bd3 Rfd8 22. Be4 a5 23. Be3 Nb3 24. axb3 Rxb3 25. c4 a4 26. Nd2 Rb4 27. Ra1 h6 28. Bc2 Ra8 29. c5 a3 30. Be4 Raa4 31. c6 Bd8 32. Bc2 Ra6 33. Bc5 Rb2 34. Bd3 Rxc6 35. Ne4 a2 36. Kh2 Ba5 37. Bd4 Rb3 38. Be2 Rb4 39. Rxa2 Rxd4 40. Rxa5 Rxe4 41. Bf3 Rcc4 42. Bxe4 Rxe4 43. f3 Re2 44. Kg3 Kh7 45. Ra8 Kg6 46. f4 Re3+ 47. Kf2 Rb3 48. Ra7 f6 49. exf6 gxf6 50. Ra5 Rb4 51. Kg3 Rb3+ 52. Kh4 Rb2 53. Kh3 Rf2 54. Kg3 Rb2 55. Ra6 Rb3+ 56. Kh4 Rb2 57. Kh3 Rb3+ 58. g3 Rb2 59. Rxe6 Kf7 60. Re3 Rd2 61. Ra3 Rc2 62. f5 Rb2 63. Ra8 Kg7 64. Ra7+ Kg8 65. Re7 Kf8 66. Re1 Rb3 67. Rh1 Kg7 68. Kh4 Rc3 69. Rh2 Rd3 70. Re2 Rc3 71. Kh3 Rb3 72. Kg2 Ra3 73. Kf2 Rb3 74. Re3 Rb2+ 75. Kf3 Rb4 76. Re4 Rb3+ 77. Kf4 Rb1 78. Rd4 Rf1+ 79. Ke4 Rg1 80. Rd3 Re1+ 81. Kd5 Re5+ 82. Kd6 Re4 83. Rf3 Rxg4 84. Re3 h5 85. Ke7 Rg5 86. Rf3 Rg4 87. Ke6 Re4+ 88. Kd5 Re5+ 89. Kd6 Kh6 90. Rf1 Kg5 91. Rg1 Rxf5 92. Ke6 Rf3 93. Kd5 Kg4 94. Ke4 Rxg3 95. Rf1 f5+ 96. Rxf5 Re3+ 97. Kxe3 Kxf5 98. Kf2 Kg4 99. Kg2 Kh4 100. Kh1 Kg4 101. Kg1 h4 102. Kh1 h3 103. Kg1 Kh4 104. Kh1 Kg4 105. Kg1 Kf3 106. Kh1 Kg3 107. Kg1 h2+ 108. Kh1 Kf2 109. Kxh2 1/2-1/2